000 00758nam a22002297a 4500
001 48151
003 BD-RjUL
005 20211209054453.0
008 160813s1961 bg ||||| |||| 00| 0 ben d
020 _c: TK 1.50
035 _a(BD-RjUL)48270
040 _aBD-RjUL
_bben
_cBD-RjUL
041 _aben
082 _223
_a891.442
_bMIB 1961
100 _aমিয়া, বন্দে আলী
_9118873
245 1 0 _aমসনদ /
_cবন্দে আলী মিয়া
260 _aঢাকা :
_bআহমদ পাবলিশিং,
_c১৯৬১ [১৩৬৮]
300 _a১১১ পৃ. ;
_c১৭ সেমি.
650 _aবাংলা নাটক
_9145893
650 _aBengali Drama
_9145894
942 _2ddc
_cBK
999 _c48151
_d48151